ইলা মিত্র / (Record no. 2365)
[ view plain ]
| 000 -LEADER | |
|---|---|
| fixed length control field | 00617nam a2200205 a 4500 |
| 001 - CONTROL NUMBER | |
| JCCL Control Number | 2365 |
| 003 - CONTROL NUMBER IDENTIFIER | |
| JCCL marc code | BD-JhCC |
| 005 - DATE AND TIME OF LATEST TRANSACTION | |
| control field | 20180918134015.0 |
| 008 - FIXED-LENGTH DATA ELEMENTS--GENERAL INFORMATION | |
| fixed length control field | 171101s2011 bg |||| |||| 000 0 ben d |
| 035 ## - SYSTEM CONTROL NUMBER | |
| system control number | (BD-JhCC)2365 |
| 040 ## - CATALOGING SOURCE | |
| Original cataloging agency | BD-JhCC |
| Modifying agency | BD-JhCC |
| 041 ## - LANGUAGE CODE | |
| Language code of Book | ben |
| 082 ## - DEWEY DECIMAL CLASSIFICATION NUMBER | |
| Classification number | 305.42 |
| Author mark and Year | BEG 2011 |
| 100 ## - MAIN ENTRY--PERSONAL NAME | |
| Personal name | বেগম, মালেকা |
| 245 ## - TITLE STATEMENT | |
| Title | ইলা মিত্র / |
| Statement of responsibility, etc | বেগম মালেকা |
| 260 ## - PUBLICATION, DISTRIBUTION, ETC. (IMPRINT) | |
| Place of publication, distribution, etc | ঢাকা: |
| Name of publisher, distributor, etc | প্রথমা প্রকাশন ; |
| Date of publication, distribution, etc | ২০১১ |
| 300 ## - PHYSICAL DESCRIPTION | |
| Pagination | ১৭৬ পৃ. ; |
| Dimensions | ২২ সেমি |
| 650 ## - SUBJECT ADDED ENTRY--TOPICAL TERM | |
| Topical term or geographic name as entry element | Woman movement |
| 942 ## - ADDED ENTRY ELEMENTS (KOHA) | |
| Source of classification or shelving scheme | Dewey Decimal Classification |
| Koha item type | Books |
| Koha issues (borrowed), all copies | 1 |
| Source of classification or shelving scheme | Damaged status | Not for loan | Home library | Current library | Shelving location | Date of accession | Cost, normal purchase price | Total Checkouts | Full call number | Barcode | Date last seen | Date checked out | Copy number | Koha item type |
|---|---|---|---|---|---|---|---|---|---|---|---|---|---|---|
| Dewey Decimal Classification | JCC Rouf Library | JCC Rouf Library | General Stacks | 11/01/2017 | 260.00 | 1 | 305.42 BEG 2011 | 3151 | 10/01/2018 | 09/17/2018 | C-1 | Books |